10 to 1: European Cities Quiz Stats

 Plays Quiz Updated May 18, 2016

Challenge
Share
Tweet
Embed
Score 0/55 Timer 06:00
50 Plays Today
% Correct
Berlin
97.2%
Düsseldorf
96.1%
Frankfurt
94.6%
Hamburg
94.1%
London
93.4%
Birmingham
92.6%
Barcelona
92.4%
Edinburgh
92.3%
Madrid
92.2%
Manchester
92.1%
Munich
91.9%
Paris
91.1%
Nottingham
90.4%
Rome
90.3%
Amsterdam
89.6%
Milan
89.4%
Brussels
89.3%
Glasgow
89%
Moscow
88.8%
Marseille
88.5%
Bristol
88.4%
Naples
88.2%
Lyon
88%
Saint Petersburg
87.7%
Florence
87.7%
Stockholm
87.5%
Sheffield
87.4%
Cologne
87.1%
% Correct
Valencia
87%
Seville
86.9%
Belfast
84.4%
Málaga
84.1%
Dortmund
82.3%
Toulouse
82.2%
Granada
82.1%
Turin
81.1%
Genoa
81%
Lille
80.9%
Bilbao
80.7%
Leipzig
80.5%
Bruges
80.1%
Antwerp
79.7%
Rotterdam
79.3%
Alicante
78.9%
Belgrade
76.6%
Bremen
76.1%
Malmö
69.8%
Nantes
68.8%
Gothenburg
67.8%
Ghent
64.2%
Utrecht
63.4%
Eindhoven
62.8%
Liège
59%
Strasbourg
57.9%
Bochum
48.5%

You're not logged in!

Compare scores with friends on all Sporcle quizzes.
OR
Log In

You Might Also Like...

Show Comments

Extras

Top Quizzes Today


Score Distribution

Your Account Isn't Verified!

In order to create a playlist on Sporcle, you need to verify the email address you used during registration. Go to your Sporcle Settings to finish the process.

Report this User

Report this user for behavior that violates our Community Guidelines.

Details: